000
00189nam a22000857a 4500
082
_a
621.37BHA
100
_a
Bhar D
245
_a
Electrical measurement and meassuring instruments
942
_c
BK
999
_c
15219
_d
15219